| 000 | 00640cab a2200229 4500 | ||
|---|---|---|---|
| 001 | WB3422-21 | ||
| 008 | 090401t1998 xxu||||| |||| 00| 0 eng d | ||
| 035 | _a(Sirsi) u86707 | ||
| 041 | _aeng | ||
| 245 | _aCanary in spec mood | ||
| 260 | _c1998 | ||
| 350 | _a0 | ||
| 490 |
_aEstates Gazette _v(9823) 6 June 1998, 37(1) |
||
| 520 | _aCanary Wharf is planning to develop the largest speculative office building since the 1980s boom. | ||
| 650 | _aCANARY WHARF | ||
| 650 | _aDS-1 | ||
| 650 | _aLONDON DOCKLANDS | ||
| 650 | _aSPECULATIVE BUILDING | ||
| 690 | _aPROPERTY-PROPERTY DEVELOPMENT | ||
| 942 | _n0 | ||
| 948 | _c09/06/1998 | ||
| 999 |
_c54598 _d54598 |
||